| 000 | 00392nam a2200145Ia 4500 | ||
|---|---|---|---|
| 008 | 231217s9999 xx 000 0 und d | ||
| 041 | _aEnglish | ||
| 082 | _a620.0042 MIS;1 R | ||
| 100 | _aMishra, R C Pathak, K | ||
| 245 | 0 | _aMaintenance engineering and management | |
| 260 |
_c2002 _bPHI _aNew Delhi |
||
| 300 | _axi+216 | ||
| 650 | _aMaintenance,engineering,management | ||
| 942 | _cAA | ||
| 999 |
_c170840 _d170840 |
||